| 000 | 00519nam a2200181Ia 4500 | ||
|---|---|---|---|
| 001 | 7621 | ||
| 003 | GE_BSU | ||
| 008 | 181216s||||||||xx |||||||||||||| ||und|| | ||
| 040 | _cGE_BSU | ||
| 245 | _aИммунология.Том 34. №3 2013 | ||
| 245 | _cРед.Е.И.Константинова | ||
| 260 | _aМосква. | ||
| 260 | _c2013. | ||
| 300 | _a176ст,29см. | ||
| 520 | _aДвухмесячный научно-практический журнал. | ||
| 653 | _aИммунология. | ||
| 942 | _cCR | ||
| 999 |
_c40973 _d40973 |
||